[Event "ICS Rated blitz match"]
[Site "204.178.125.65"]
[Date "1999.09.23"]
[Round "?"]
[White "Hossa"]
[Black "MissSilicon"]
[Result "0-1"]
[WhiteElo "2436"]
[BlackElo "2605"]
[PlyCount "127"]
[EventDate "1999.??.??"]

1. Nf3 d5 2. g3 c6 3. Bg2 Bg4 4. Ne5 Bf5 5. Nc3 Nd7 6. Nxd7 Qxd7 7. e4 dxe4 8.
Nxe4 Nf6 9. f3 e5 10. Nf2 Bc5 11. O-O O-O 12. b3 Rfd8 13. d3 Bd4 14. Rb1 Nd5
15. Bd2 Qd6 16. Qc1 Qc5 17. b4 Qb6 18. a4 Rd7 19. a5 Qc7 20. f4 exf4 21. Bxf4
Nxf4 22. Qxf4 Qxf4 23. gxf4 Rad8 24. a6 bxa6 25. Bxc6 Rd6 26. Be4 Bh3 27. c3
Bxf1 28. cxd4 Be2 29. d5 Rb6 30. Rb2 Bh5 31. Kg2 a5 32. Ra2 axb4 33. Rxa7 b3
34. Ra1 f6 35. h4 Bf7 36. Rb1 Bxd5 37. Bxd5+ Rxd5 38. Rb2 Rb4 39. Kf3 Rdd4 40.
Ke3 Rxf4 41. Rxb3 Rxh4 42. Rc3 f5 43. Rc5 f4+ 44. Kf3 Rd4 45. Rf5 h6 46. Re5 g5
47. Rb5 Kf7 48. Rc5 Ra4 49. Rc7+ Kg6 50. Rc6+ Kf5 51. Rc5+ Ke6 52. Rc6+ Kd5 53.
Rg6 Ra2 54. Rg8 g4+ 55. Nxg4 Rh3+ 56. Kxf4 Ra4+ 57. Kf5 Rf3+ 58. Kg6 Rxg4+ 59.
Kh7 Rxg8 60. Kxg8 h5 61. Kg7 h4 62. Kh7 Rg3 63. Kh6 h3 64. Kh5 {Hossa resigns}
0-1

[Event "ICS Rated blitz match"]
[Site "204.178.125.65"]
[Date "1999.10.11"]
[Round "?"]
[White "Hossa"]
[Black "MissSilicon"]
[Result "0-1"]
[WhiteElo "2386"]
[BlackElo "2687"]
[PlyCount "102"]
[EventDate "1999.??.??"]

1. d4 Nf6 2. c4 e6 3. Nf3 b6 4. g3 Bb7 5. Bg2 Be7 6. O-O O-O 7. Nc3 d5 8. cxd5
Nxd5 9. Re1 f5 10. Nxd5 Bxd5 11. e3 Nc6 12. a3 Qe8 13. b4 a5 14. b5 Na7 15. a4
c6 16. bxc6 Nxc6 17. Ba3 Bxa3 18. Rxa3 Rc8 19. Rc3 Qd7 20. Rc1 Qb7 21. Qd3 Nb4
22. Qe2 Na2 23. Rxc8 Rxc8 24. Ng5 Nc3 25. Qh5 g6 26. Bxd5 exd5 27. Qh6 Nxa4 28.
Ra1 Nc3 29. Ne6 Ne2+ 30. Kg2 Qe7 31. Ng5 Nc3 32. Nh3 Qe4+ 33. f3 Qc2+ 34. Nf2
Qe2 35. Rc1 Qd2 36. Rf1 Re8 37. Qh4 Qxe3 38. Nh3 Qd2+ 39. Kh1 Qd3 40. Rf2 Nd1
41. Kg2 Qb1 42. Ng5 h5 43. g4 Ne3+ 44. Kg3 fxg4 45. fxg4 Qg1+ 46. Rg2 Nf1+ 47.
Kh3 Re3+ 48. Nf3 Rxf3+ 49. Qg3 Rxg3+ 50. hxg3 Qh1+ 51. Rh2 51... Qxh2# {
Hossa checkmated} 0-1

[Event "ICS Rated blitz match"]
[Site "204.178.125.65"]
[Date "1999.09.15"]
[Round "?"]
[White "Hossa"]
[Black "MissSilicon"]
[Result "1-0"]
[WhiteElo "2368"]
[BlackElo "2602"]
[PlyCount "106"]
[EventDate "1999.??.??"]

1. d4 Nf6 2. c4 e5 3. dxe5 Ng4 4. Bf4 Nc6 5. Nf3 Bb4+ 6. Nbd2 Qe7 7. a3 Ngxe5
8. Nxe5 Nxe5 9. e3 Bxd2+ 10. Qxd2 d6 11. Be2 Bf5 12. c5 O-O 13. cxd6 Qxd6 14.
Qc3 Rfe8 15. O-O f6 16. Qb3+ Kh8 17. Rac1 Qb6 18. Qxb6 cxb6 19. Bxe5 fxe5 20.
Rc7 Rec8 21. Re7 Rc2 22. Bf3 e4 23. Bxe4 Bxe4 24. Rxe4 Rxb2 25. Rd1 Rb3 26.
Red4 Re8 27. R4d3 Rxd3 28. Rxd3 Kg8 29. Kf1 Kf7 30. Rd7+ Re7 31. Rxe7+ Kxe7 32.
Ke2 Kd6 33. f4 h6 34. e4 g5 35. g3 gxf4 36. gxf4 Kc5 37. Kf3 Kd4 38. e5 Kd5 39.
Ke3 b5 40. Kd3 h5 41. Kc3 a5 42. Kb3 Ke6 43. Kb2 Kf5 44. Kc3 h4 45. h3 b6 46.
Kb3 Ke6 47. Kc2 Kf5 48. Kc3 Ke6 49. Kd4 Kf5 50. Kd5 b4 51. axb4 axb4 52. Kc4
Ke6 53. Kxb4 53... Kf5 {MissSilicon resigns} 1-0

[Event "ICS Rated blitz match"]
[Site "204.178.125.65"]
[Date "1999.09.15"]
[Round "?"]
[White "Hossa"]
[Black "MissSilicon"]
[Result "0-1"]
[WhiteElo "2347"]
[BlackElo "2607"]
[PlyCount "71"]
[EventDate "1999.??.??"]

1. e4 e5 2. Nf3 Nc6 3. Bb5 a6 4. Ba4 Nf6 5. O-O Be7 6. d4 exd4 7. Re1 Bb4 8.
Re2 Bc5 9. e5 Ng8 10. Bg5 Nge7 11. Bxe7 Qxe7 12. Bxc6 dxc6 13. Nxd4 O-O 14. c3
Rd8 15. a3 Rd5 16. b4 Ba7 17. Nd2 Bxd4 18. cxd4 Rxd4 19. Qe1 Be6 20. Re4 Rd7
21. Rd1 Rad8 22. Re3 Bg4 23. f3 Bf5 24. Rc3 Rd5 25. e6 fxe6 26. Re3 Qd7 27. Re2
Bc2 28. Rc1 Rxd2 29. Rxd2 Qxd2 30. Qxe6+ Kf8 31. Rf1 h6 32. g3 Re8 33. Qg4 Bd3
34. Qd4 Re1 35. Qxd3 Qxd3 36. Rxe1 {Hossa resigns} 0-1

[Event "ICS Rated blitz match"]
[Site "204.178.125.65"]
[Date "1999.10.12"]
[Round "?"]
[White "Hossa"]
[Black "MissSilicon"]
[Result "0-1"]
[WhiteElo "2403"]
[BlackElo "2676"]
[PlyCount "97"]
[EventDate "1999.??.??"]

1. e4 e5 2. Nf3 Nf6 3. Nxe5 d6 4. Nf3 Nxe4 5. d4 d5 6. Bd3 Be7 7. O-O Nc6 8.
Re1 Nd6 9. Nc3 Be6 10. Na4 b6 11. c3 O-O 12. Qc2 h6 13. Bf4 Re8 14. Re3 Nc4 15.
Bxc4 dxc4 16. Rae1 Qd7 17. b3 Bf5 18. Qd1 cxb3 19. axb3 Rad8 20. Nb2 Bd6 21.
Bxd6 cxd6 22. Nc4 Ne7 23. Qa1 b5 24. Ncd2 Kh8 25. Nh4 Be6 26. Qa6 g5 27. Nhf3
Nd5 28. Re4 f5 29. R4e2 Nxc3 30. Re3 Nd5 31. R3e2 Nf4 32. Re3 g4 33. Nh4 Rc8
34. Kh1 Rc2 35. Nb1 Nd5 36. R3e2 Rxe2 37. Rxe2 Bg8 38. Ng6+ Kg7 39. Ne5 dxe5
40. dxe5 Kh7 41. Re1 Rxe5 42. Rf1 Nf4 43. Qa1 Qb7 44. Qxa7 Qxa7 45. Nd2 Re1 46.
Rxe1 Qxf2 47. Rg1 Nh3 48. gxh3 Bd5+ 49. Nf3 {Hossa resigns} 0-1

[Event "ICS Rated blitz match"]
[Site "204.178.125.65"]
[Date "1999.09.14"]
[Round "?"]
[White "Hossa"]
[Black "MissSilicon"]
[Result "0-1"]
[WhiteElo "2333"]
[BlackElo "2569"]
[PlyCount "67"]
[EventDate "1999.??.??"]

1. d4 f5 2. c4 e6 3. Bf4 Nf6 4. e3 Bb4+ 5. Nc3 Ne4 6. Nge2 g5 7. Be5 O-O 8. a3
Nxc3 9. Nxc3 Be7 10. Bd3 Nc6 11. O-O Nxe5 12. dxe5 c6 13. f4 gxf4 14. Rxf4 Qa5
15. Qh5 Qxe5 16. Rf3 d5 17. cxd5 cxd5 18. Rc1 Bd7 19. Rg3+ Kh8 20. Bb5 Bxb5 21.
Rh3 Qg7 22. Nxb5 Rac8 23. Rc7 Rxc7 24. Nxc7 Rc8 25. Nxe6 Rc1+ 26. Kf2 Qxb2+ 27.
Qe2 Rc2 28. Nd4 Rxe2+ 29. Nxe2 Bc5 30. a4 f4 31. Kf3 fxe3 32. a5 Qa1 33. Ng3
Qf6+ 34. Kg4 {Hossa resigns} 0-1

[Event "ICS Rated blitz match"]
[Site "204.178.125.65"]
[Date "1999.09.14"]
[Round "?"]
[White "Hossa"]
[Black "MissSilicon"]
[Result "0-1"]
[WhiteElo "2347"]
[BlackElo "2555"]
[PlyCount "129"]
[EventDate "1999.??.??"]

1. e4 e5 2. Nf3 Nf6 3. Nxe5 d6 4. Nf3 Nxe4 5. Be2 Nc6 6. O-O Be7 7. d3 Nf6 8.
Nc3 O-O 9. d4 d5 10. Bf4 Nh5 11. Be3 Re8 12. Re1 Nf6 13. Ng5 Bf5 14. a3 Qd7 15.
Qd2 h6 16. Nf3 Rad8 17. Ne5 Nxe5 18. dxe5 d4 19. Qxd4 Qxd4 20. Bxd4 Rxd4 21.
exf6 Bxf6 22. Bf3 Red8 23. Bxb7 Bxc2 24. Re2 Rd2 25. Bf3 Bxc3 26. bxc3 Rd1+ 27.
Re1 R1d3 28. c4 Rc3 29. Bd5 c6 30. Bxc6 Rxc4 31. Bf3 a5 32. Re7 Ra4 33. Rc7 Bf5
34. Be2 Bd3 35. Bd1 Rad4 36. Bb3 Bg6 37. Ra7 Rb8 38. Bd1 Re8 39. Bf3 Re5 40.
Bc6 Rd6 41. f4 Rf5 42. Ra8+ Kh7 43. Rc1 Rxf4 44. Rxa5 Be4 45. g3 Rg4 46. Bxe4+
Rxe4 47. Ra7 f5 48. Rcc7 Rg6 49. Kf2 f4 50. Kf3 fxg3 51. hxg3 Reg4 52. Rf7
Rxg3+ 53. Ke4 h5 54. Kf5 h4 55. a4 h3 56. Rae7 h2 57. Re1 Rg1 58. Rxg1 hxg1=Q
59. Ke5 Qc5+ 60. Kf4 Re6 61. Kg4 Qe3 62. Rf4 Rg6+ 63. Kh5 Qe2+ 64. Rf3 Qh2+ 65.
Rh3 {Hossa resigns} 0-1

[Event "ICS Rated blitz match"]
[Site "204.178.125.65"]
[Date "1999.09.14"]
[Round "?"]
[White "Hossa"]
[Black "MissSilicon"]
[Result "1-0"]
[WhiteElo "2329"]
[BlackElo "2573"]
[PlyCount "137"]
[EventDate "1999.??.??"]

1. d4 f5 2. c4 e6 3. Bf4 Nf6 4. e3 Bb4+ 5. Nc3 Ne4 6. Nge2 g5 7. Be5 O-O 8. a3
Nxc3 9. Nxc3 Bxc3+ 10. bxc3 d6 11. Bg3 f4 12. exf4 gxf4 13. Qg4+ Kh8 14. Bh4
Qe8 15. Be2 e5 16. Qh5 Qxh5 17. Bxh5 Nc6 18. d5 Na5 19. Be7 Rf5 20. g4 fxg3 21.
hxg3 Nxc4 22. Bg6 Rf3 23. Rxh7+ Kg8 24. Rh4 e4 25. Bxe4 Ne5 26. Rc1 Bf5 27.
Bxf3 Nxf3+ 28. Ke2 Nxh4 29. Bxh4 c6 30. Kd2 cxd5 31. Re1 a6 32. Re7 b5 33. f3
Bh3 34. Ke3 Rc8 35. Bf6 Kf8 36. Ra7 Rc6 37. g4 Bf1 38. f4 Bh3 39. Kf3 Bf1 40.
f5 Bd3 41. Bd4 Ke8 42. f6 Kf8 43. g5 Be4+ 44. Ke3 Bf5 45. Rb7 Bc8 46. Rg7 Bg4
47. Kf4 Bh5 48. g6 Bxg6 49. Rxg6 Rc8 50. Rg5 Re8 51. Rxd5 Re6 52. Kg4 Ke8 53.
Rg5 Kf8 54. Rg7 Re2 55. Ra7 a5 56. Rxa5 Kf7 57. Rxb5 Kg6 58. Rg5+ Kf7 59. Rg7+
Ke8 60. Rb7 Re4+ 61. Kf5 Rh4 62. Ke6 Re4+ 63. Kxd6 Kf8 64. Bc5 Kg8 65. f7+ Kg7
66. Kd5 Re1 67. f8=Q+ Kg6 68. Qg8+ Kf5 69. Rf7# {MissSilicon checkmated} 1-0

[Event "ICS Rated blitz match"]
[Site "204.178.125.65"]
[Date "1999.10.12"]
[Round "?"]
[White "Hossa"]
[Black "MissSilicon"]
[Result "1/2-1/2"]
[WhiteElo "2391"]
[BlackElo "2682"]
[PlyCount "82"]
[EventDate "1999.??.??"]

1. e4 e5 2. Nf3 Nc6 3. Bb5 a6 4. Ba4 Nf6 5. O-O Be7 6. d3 d6 7. Nc3 b5 8. Bb3
Na5 9. Bg5 O-O 10. d4 Nxb3 11. axb3 Bb7 12. dxe5 Nxe4 13. Bxe7 Qxe7 14. exd6
Qxd6 15. Nxe4 Bxe4 16. Qxd6 cxd6 17. Nd4 Rfc8 18. c3 d5 19. b4 Re8 20. Ra5 Bg6
21. Rfa1 Bd3 22. f4 Re4 23. Rxa6 Rxa6 24. Rxa6 h5 25. Kf2 Kf8 26. Rb6 h4 27.
Kf3 Re1 28. Nxb5 Be4+ 29. Kg4 Re2 30. Kxh4 Rxg2 31. Rb8+ Ke7 32. b3 Rxh2+ 33.
Kg3 Rg2+ 34. Kh3 Rf2 35. Rb7+ Kf8 36. Kg4 Rg2+ 37. Kh4 Rh2+ 38. Kg5 Rg2+ 39.
Kh4 Rh2+ 40. Kg5 Rg2+ 41. Kh4 41... Rh2+ {Game drawn by repetition} 1/2-1/2

[Event "ICS Rated blitz match"]
[Site "204.178.125.65"]
[Date "1999.09.15"]
[Round "?"]
[White "Hossa"]
[Black "MissSilicon"]
[Result "0-1"]
[WhiteElo "2393"]
[BlackElo "2581"]
[PlyCount "107"]
[EventDate "1999.??.??"]

1. d4 Nf6 2. c4 e6 3. Nc3 Bb4 4. a3 Bxc3+ 5. bxc3 c5 6. e3 b6 7. Bd3 Bb7 8. Ne2
Bxg2 9. Rg1 Bf3 10. Rxg7 Ng4 11. h3 f5 12. e4 Qf6 13. Rg5 h6 14. Rxf5 exf5 15.
exf5 h5 16. Bf4 cxd4 17. cxd4 Nc6 18. Qc1 Nxd4 19. hxg4 Bxe2 20. Bxe2 Nc2+ 21.
Qxc2 Qxa1+ 22. Qd1 Qxd1+ 23. Kxd1 hxg4 24. Kd2 Rg8 25. Bg3 Rc8 26. Bd3 Kf7 27.
Ke3 Rc5 28. Bd6 Re8+ 29. Kf4 Rc6 30. Be5 a6 31. Bb2 Re1 32. Bc3 Rc1 33. Be5 Rd1
34. Ke3 Rc5 35. Bd4 Ra5 36. Bb2 Re1+ 37. Kf4 Ra4 38. Kg5 Rg1 39. Be4 g3 40.
Bd5+ Ke8 41. fxg3 Rxg3+ 42. Kf6 Kd8 43. Bc1 Kc8 44. Ke5 Rg1 45. Bb2 Rb1 46. Bd4
Rxa3 47. f6 Re1+ 48. Kd6 Rd3 49. f7 Rf1 50. Ke5 Kc7 51. Be4 d6+ 52. Kd5 Rd2 53.
Ke6 Rxd4 54. Bg2 {Hossa resigns} 0-1

[Event "ICS Rated blitz match"]
[Site "204.178.125.65"]
[Date "1999.09.16"]
[Round "?"]
[White "Hossa"]
[Black "MissSilicon"]
[Result "0-1"]
[WhiteElo "2418"]
[BlackElo "2700"]
[PlyCount "159"]
[EventDate "1999.??.??"]

1. Nf3 Nf6 2. d4 d5 3. e3 e6 4. Bd3 Nc6 5. c3 Bd6 6. b3 e5 7. Be2 e4 8. Nfd2
O-O 9. O-O Bf5 10. a4 Re8 11. Ba3 Qe7 12. c4 Bxa3 13. Nxa3 Rad8 14. Nb5 a6 15.
Nc3 Nb4 16. Rc1 c5 17. cxd5 cxd4 18. exd4 Nfxd5 19. Nc4 Nxc3 20. Rxc3 Qf6 21.
Ne5 Qd6 22. Rc4 Be6 23. Rc3 f6 24. Nc4 Qxd4 25. Qxd4 Rxd4 26. a5 Nd5 27. Rc2
Nf4 28. Rfc1 Nxe2+ 29. Rxe2 Bxc4 30. bxc4 Rc8 31. Rec2 Rc5 32. Ra2 Rdxc4 33.
Rxc4 Rxc4 34. h3 Kf7 35. Rb2 Rc7 36. Rb4 f5 37. g4 Ke6 38. Rb6+ Ke5 39. gxf5
Kxf5 40. Rb3 Kf4 41. Rb6 Rd7 42. Kg2 Re7 43. Kf1 h6 44. Ke1 Kg5 45. Rb3 Rd7 46.
f3 exf3 47. Rxf3 Kh4 48. Ke2 Re7+ 49. Kd2 g5 50. Rd3 Re5 51. Ra3 Rb5 52. Ke1
Rf5 53. Ke2 h5 54. Ke1 Rf4 55. Ke2 Re4+ 56. Kf3 Re5 57. Kf2 Rb5 58. Kg1 Rd5 59.
Kh2 Rd2+ 60. Kh1 Rb2 61. Kg1 Re2 62. Kh1 Re5 63. Kg2 g4 64. hxg4 hxg4 65. Kf2
Rb5 66. Ra1 g3+ 67. Kg2 Rb2+ 68. Kg1 Kh3 69. Kh1 Rb3 70. Kg1 Rb4 71. Kf1 Kh2
72. Ke2 g2 73. Kf3 g1=Q 74. Rxg1 Kxg1 75. Ke3 Ra4 76. Kf3 Rxa5 77. Ke4 Rb5 78.
Kd4 a5 79. Kc4 Rb4+ 80. Kd5 {Hossa resigns} 0-1

[Event "ICS Rated blitz match"]
[Site "204.178.125.65"]
[Date "1999.10.12"]
[Round "?"]
[White "Hossa"]
[Black "MissSilicon"]
[Result "0-1"]
[WhiteElo "2342"]
[BlackElo "2691"]
[PlyCount "117"]
[EventDate "1999.??.??"]

1. e4 e6 2. d4 d5 3. Nc3 Nf6 4. Bg5 dxe4 5. Nxe4 Nbd7 6. Nxf6+ gxf6 7. Bh4 c5
8. d5 Qb6 9. dxe6 Qxe6+ 10. Qe2 Bg7 11. O-O-O O-O 12. Kb1 Ne5 13. Bg3 Qb6 14.
Bf4 Bg4 15. f3 Be6 16. Qe1 Rad8 17. Bd2 Rfe8 18. Ne2 Nc4 19. b3 Bf5 20. Bc1 Ne3
21. Bxe3 Rxe3 22. Rxd8+ Qxd8 23. Qc1 Bh6 24. Qe1 Bf4 25. Kb2 Be5+ 26. Kc1 Bc3
27. Qxc3 Rxc3 28. Nxc3 Qd4 29. Kb2 Qd2 30. Ne4 Bxe4 31. fxe4 Kg7 32. a3 Qd4+
33. Ka2 Qxe4 34. Kb2 f5 35. a4 f4 36. a5 Qd4+ 37. Kb1 Qd1+ 38. Kb2 a6 39. h4
Kh6 40. h5 Qd4+ 41. Ka2 Qd2 42. Kb2 f3 43. gxf3 Qd4+ 44. Kb1 Qd1+ 45. Kb2 Qxf3
46. Rg1 Qf6+ 47. Kb1 Qf2 48. Rh1 Qf3 49. Rg1 Qd1+ 50. Ka2 Qxc2+ 51. Ka3 Qc1+
52. Ka2 Qd2+ 53. Ka3 Qxa5+ 54. Kb2 Qd2+ 55. Ka3 Qe1 56. Rg2 Qxf1 57. Rh2 Qa1+
58. Ra2 Qc3 59. Rg2 {Hossa resigns} 0-1

[Event "ICS Rated blitz match"]
[Site "204.178.125.65"]
[Date "1999.09.17"]
[Round "?"]
[White "Hossa"]
[Black "Moron"]
[Result "1-0"]
[WhiteElo "2421"]
[BlackElo "2686"]
[PlyCount "137"]
[EventDate "1999.??.??"]

1. d4 d5 2. Nc3 Nf6 3. Bf4 e6 4. e3 Bb4 5. a3 Bxc3+ 6. bxc3 c5 7. Bd3 Qa5 8.
Be5 Qxc3+ 9. Kf1 c4 10. Bxf6 gxf6 11. Be2 Bd7 12. h4 Ba4 13. Ra2 Nd7 14. Rh3
Bc6 15. Rg3 h6 16. Bh5 Rf8 17. Rg7 O-O-O 18. Ne2 Qa5 19. Bxf7 e5 20. Kg1 Kb8
21. Qb1 Nb6 22. Bh5 Rg8 23. Rh7 Rh8 24. c3 Na4 25. Rxh8 Rxh8 26. Qf5 Rf8 27.
Rc2 Qc7 28. dxe5 Qxe5 29. Qg6 Qd6 30. Qxh6 Qxa3 31. Nd4 Qe7 32. Bg4 a6 33. Ne6
Rg8 34. Qf4+ Ka7 35. Bh3 Bd7 36. Qd4+ Nb6 37. Rb2 Qd6 38. Nf4 Bxh3 39. Nxh3 Re8
40. f3 Rh8 41. Kf1 Rh6 42. g3 Rg6 43. g4 Rh6 44. h5 f5 45. Nf4 fxg4 46. fxg4
Qd8 47. Ng6 Qc7 48. Kg2 Rh7 49. Nf4 Rd7 50. Kg1 Rd6 51. g5 Qd8 52. Rg2 Qf8 53.
h6 Qf5 54. g6 Qb1+ 55. Kf2 Rd8 56. h7 Qh1 57. Kg3 Qe1+ 58. Kg4 Qh1 59. Rb2 Qg1+
60. Ng2 Rd6 61. g7 Qc1 62. Rxb6 Rxb6 63. g8=Q Qh1 64. Kg3 a5 65. Qg6 Qb1 66.
Qxb1 Kb8 67. h8=Q+ Kc7 68. Qdxb6+ Kd7 69. Qbh7# {Moron checkmated} 1-0

[Event "ICS Rated blitz match"]
[Site "204.178.125.65"]
[Date "1999.10.18"]
[Round "?"]
[White "Hossa"]
[Black "MrZ"]
[Result "1-0"]
[WhiteElo "2478"]
[BlackElo "2463"]
[PlyCount "135"]
[EventDate "1999.??.??"]

1. d4 d5 2. c4 e5 3. dxe5 d4 4. Nf3 Nc6 5. g3 Bg4 6. Nbd2 Qd7 7. Bg2 O-O-O 8.
O-O Nge7 9. Ng5 Nxe5 10. f4 h6 11. fxe5 hxg5 12. Rxf7 Qe6 13. Rf2 Qxe5 14. Nf3
Bxf3 15. Bxf3 g6 16. Qa4 Kb8 17. Qb5 Qxb5 18. cxb5 Bh6 19. Bd2 Nf5 20. g4 Ne3
21. Rc1 Bg7 22. Rc5 Nd1 23. Rg2 d3 24. Rd5 Rxd5 25. Bxd5 Rf8 26. e3 Bxb2 27.
Be4 Rd8 28. Bxg6 Rd6 29. Bf5 Bf6 30. Bb4 Nxe3 31. Bxd6 Nxg2 32. Bb4 Ne3 33.
Bxd3 Bd4 34. Be1 Nxg4+ 35. Kg2 c5 36. bxc6 bxc6 37. Bd2 Bf6 38. Be2 Ne5 39. Bb4
Kb7 40. a4 Nd7 41. Ba3 Kb6 42. Bc1 Ka5 43. Bf3 Ne5 44. Bd1 Kb4 45. Bd2+ Kc4 46.
Bc1 c5 47. Be3 Nd3 48. Be2 Bd4 49. Bxg5 a5 50. Kg3 Kc3 51. Bd8 Nb2 52. Bxa5+
Kb3 53. Kf4 Kxa4 54. Bb6 Bc3 55. Bxc5 Bb4 56. Bxb4 Kxb4 57. h4 Kc5 58. h5 Kd6
59. h6 Kc5 60. h7 Nd3+ 61. Bxd3 Kd4 62. Be2 Kc3 63. h8=Q+ Kb4 64. Qh3 Kc5 65.
Ke5 Kc6 66. Qc8+ Kb6 67. Qd7 Ka5 68. Qb5# {MrZ checkmated} 1-0

[Event "ICS Rated blitz match"]
[Site "204.178.125.65"]
[Date "1999.09.12"]
[Round "?"]
[White "Hossa"]
[Black "Njall"]
[Result "1-0"]
[WhiteElo "2475"]
[BlackElo "2296"]
[PlyCount "41"]
[EventDate "1999.??.??"]

1. e4 c6 2. Nc3 d5 3. Nf3 dxe4 4. Nxe4 Nd7 5. Be2 Ngf6 6. Nxf6+ Nxf6 7. O-O Bg4
8. Re1 e6 9. d4 Bd6 10. Bg5 Qc7 11. Ne5 Bxe2 12. Qxe2 O-O-O 13. c3 h6 14. Bh4
g5 15. Bg3 Rdf8 16. Nxf7 Bxg3 17. Nxh8 Bxh2+ 18. Kh1 Rxh8 19. Qxe6+ Nd7 20.
Qe8+ Rxe8 21. Rxe8+ {Njall resigns} 1-0

[Event "ICS Rated blitz match"]
[Site "204.178.125.65"]
[Date "1999.10.18"]
[Round "?"]
[White "Hossa"]
[Black "NonWimp"]
[Result "0-1"]
[WhiteElo "2518"]
[BlackElo "2761"]
[PlyCount "101"]
[EventDate "1999.??.??"]

1. e4 e5 2. Nf3 Nf6 3. d3 Nc6 4. Be2 d5 5. Nbd2 g6 6. O-O Bg7 7. b3 O-O 8. Ba3
Re8 9. c3 Nh5 10. exd5 Qxd5 11. Nc4 Nf4 12. Ne3 Qd8 13. Re1 e4 14. dxe4 Bxc3
15. Bb5 Qxd1 16. Raxd1 Bxe1 17. Nxe1 Rxe4 18. Bxc6 bxc6 19. Rd2 f6 20. N1c2 Kf7
21. Bc5 Re5 22. Bd4 Ra5 23. Ne1 Be6 24. Rc2 Rd8 25. Nf3 Bd5 26. Nxd5 Raxd5 27.
g3 c5 28. Bc3 Rd1+ 29. Ne1 Nd3 30. Kf1 Nxe1 31. Bxe1 Re8 32. Re2 Ra1 33. Rxe8
Kxe8 34. Ke2 Rxa2+ 35. Kd3 Rb2 36. Kc4 Re2 37. Bc3 Rxf2 38. Kxc5 Ke7 39. Kd4
Rxh2 40. Bb4+ Kd7 41. Kd3 h5 42. Be1 g5 43. Ke3 Rh1 44. Bc3 h4 45. gxh4 Rh3+
46. Kd2 Rxc3 47. Kxc3 gxh4 48. Kc4 h3 49. Kc5 h2 50. Kd4 h1=Q 51. Kc4 {
Hossa resigns} 0-1

[Event "ICS Rated blitz match"]
[Site "204.178.125.65"]
[Date "1999.09.22"]
[Round "?"]
[White "Hossa"]
[Black "Nouri"]
[Result "1-0"]
[WhiteElo "1945"]
[BlackElo "1830"]
[PlyCount "91"]
[EventDate "1999.??.??"]

1. d4 d5 2. c4 e6 3. Nc3 Nf6 4. Bg5 Be7 5. e3 O-O 6. Rc1 dxc4 7. Bxc4 b6 8.
Nge2 Bb7 9. O-O Nbd7 10. Qd3 Nd5 11. Bxe7 Qxe7 12. Nxd5 Bxd5 13. Bxd5 exd5 14.
Rxc7 Rfc8 15. Qc2 Rxc7 16. Qxc7 Qd8 17. Qxd8+ Rxd8 18. Rc1 Kf8 19. Rc7 a5 20.
Rc6 Rb8 21. Nf4 Nf6 22. g4 g5 23. Rxf6 gxf4 24. exf4 Ke7 25. Rh6 Rg8 26. g5 Rg7
27. Rxb6 Rg6 28. Rb5 f6 29. Rxd5 fxg5 30. fxg5 Rb6 31. Rxa5 Rxb2 32. Ra7+ Kd6
33. Rxh7 Rxa2 34. g6 Ra8 35. h4 Kd5 36. Rd7+ Ke4 37. Kg2 Kf5 38. h5 Kg5 39.
Rd5+ Kh6 40. Re5 Rf8 41. Kg3 Rd8 42. d5 Rc8 43. Kg4 Rc4+ 44. f4 Rc1 45. Re7
Rg1+ 46. Kf5 {Nouri resigns} 1-0

[Event "ICS Rated blitz match"]
[Site "204.178.125.65"]
[Date "1999.09.22"]
[Round "?"]
[White "Hossa"]
[Black "Nouri"]
[Result "1-0"]
[WhiteElo "2005"]
[BlackElo "1788"]
[PlyCount "69"]
[EventDate "1999.??.??"]

1. d4 d5 2. c4 Nf6 3. cxd5 Nxd5 4. e4 Nb6 5. Bg5 g6 6. Bb5+ c6 7. Be2 Bg7 8.
Nf3 O-O 9. Nc3 f6 10. Bf4 Be6 11. O-O N8d7 12. Qc1 Bf7 13. Bh6 e5 14. Bxg7 Kxg7
15. Qe3 exd4 16. Nxd4 Ne5 17. Rad1 Qc7 18. f4 Nec4 19. Bxc4 Nxc4 20. Qf2 Rad8
21. f5 g5 22. Ne6+ Bxe6 23. fxe6 Qe7 24. Rxd8 Rxd8 25. Qxa7 Rd2 26. b3 Ne5 27.
Nd1 Qxe6 28. Qxb7+ Kg6 29. Qa8 Qd6 30. Qg8+ Kh6 31. Ne3 Qd4 32. Rxf6+ Ng6 33.
Qf8+ Kh5 34. g4+ Kh4 35. Qh6# {Nouri checkmated} 1-0

[Event "ICS Rated blitz match"]
[Site "204.178.125.65"]
[Date "1999.09.22"]
[Round "?"]
[White "Hossa"]
[Black "Nouri"]
[Result "1-0"]
[WhiteElo "1966"]
[BlackElo "1809"]
[PlyCount "71"]
[EventDate "1999.??.??"]

1. d4 d5 2. c4 e6 3. Nc3 Nf6 4. Bg5 Be7 5. e3 O-O 6. Rc1 c5 7. Nf3 cxd4 8. Nxd4
Nc6 9. cxd5 Nxd5 10. Nxc6 bxc6 11. Bxe7 Qxe7 12. Bd3 Bb7 13. O-O Qg5 14. Qb3
Rab8 15. Ne4 Qh6 16. Qa3 a6 17. Nc5 Rfc8 18. Nxb7 Rxb7 19. Bxa6 Ra7 20. Rfd1 g6
21. e4 Rca8 22. Rxc6 Nf4 23. Qc3 Qg5 24. Rc8+ Rxc8 25. Qxc8+ Kg7 26. g3 Nh3+
27. Kg2 Qg4 28. Qc3+ f6 29. f3 Qh5 30. Rd6 Ng5 31. h4 Nxe4 32. fxe4 Rxa6 33.
Rd7+ Kh6 34. Qxf6 Qe2+ 35. Kh3 Qe3 36. Qf8+ {Nouri resigns} 1-0

[Event "ICS Rated blitz match"]
[Site "204.178.125.65"]
[Date "1999.09.29"]
[Round "?"]
[White "Hossa"]
[Black "PUBCHESS"]
[Result "1-0"]
[WhiteElo "2480"]
[BlackElo "2358"]
[Annotator "Fritz 5.32 (22s)"]
[PlyCount "79"]
[EventDate "1999.??.??"]

1. e4 c5 2. Nf3 d6 3. d4 cxd4 4. Nxd4 Nf6 5. Nc3 e6 6. Bg5 Be7 7. Bb5+ Nbd7 (
7... Bd7 8. Bd3 Nc6 9. Nxc6 Bxc6 10. O-O Nxe4 11. Bxe7 Nxc3 12. Bxd8 Nxd1 13.
Raxd1 Rxd8 14. Rfe1 Ke7 15. b4 Rc8 16. Rc1 Rc7 17. c4 Rhc8 18. Ra1 Bd7 19. a4
h6 20. Be2 e5 21. h4 Be6 22. Rac1 {
Baez,O-Roca,A/Buenos Aires 1992/EXT 98/0-1 (35)}) 8. O-O (8. Qe2 a6 9. Ba4 Qc7
10. f4 h6 11. Bh4 O-O 12. O-O-O b5 13. Bb3 Nc5 14. e5 dxe5 15. fxe5 Nfe4 16.
Nxe4 Bxh4 17. Kb1 Nxb3 18. Nf3 Nc1 19. Kxc1 Be7 20. Rhf1 Bb7 21. Qd3 Bd5 22.
Qc3 Qb6 23. Ng3 Bxa2 24. b3 Rac8 25. Qa1 Bxb3 26. Nd4 Bd5 27. Rde1 Rc4 28. Nb3
Rfc8 29. Re2 Ra4 30. Qb1 30... Bc4 {
0-1 Znidersic,S-Riznar,H/Ljubljana 1997/EXT 99 (30)}) 8... a6 9. Bxf6 $15 (9.
Bxd7+ Bxd7 10. Qf3 h6 11. Bf4 e5 12. Bxe5 dxe5 13. Nf5 Bxf5 14. exf5 Qc7 15.
Rfe1 O-O 16. Re2 Rad8 17. Rae1 Bd6 18. Ne4 Nxe4 19. Qxe4 Qc6 20. Qh4 Bc7 21. c3
Qf6 22. Qxf6 gxf6 23. Kh1 Kh7 24. Re4 Rg8 25. g3 Rg5 26. g4 h5 27. f3 hxg4 28.
fxg4 Rgg8 29. c4 Rd2 30. Rb1 Rgd8 31. h4 R8d4 32. Rxd4 32... Rxd4 {
0-1 Larius,T-Scholz,H/Eisenberg 1993/GER (32)}) (9. Ba4 O-O 10. Re1 Qc7 11. Nf3
Nc5 12. Bb3 b5 13. e5 dxe5 14. Nxe5 Nxb3 15. axb3 Bb7 16. Bxf6 Bxf6 17. Nd7
Bxc3 18. bxc3 Rfd8 19. Nf6+ gxf6 20. Qg4+ Kh8 21. Re3 Rg8 22. Qh4 Rxg2+ 23. Kf1
Rg6 24. Rg3 Kg7 25. Rd1 Qc6 26. Rd4 Re8 27. Rf4 f5 28. Qh3 Rd8 29. Rh4 Qh1+ 30.
Ke2 Qd1+ 31. Ke3 31... Qd2# {0-1 Wajner,F-Ho,A/St.Lorenzo 1995/Juniors (31)}) (
9. Bd3 9... Nc5 $11) 9... Bxf6 10. Bxd7+ Bxd7 11. Qd3 O-O 12. Rfd1 Qc7 13. Nde2
Be7 14. Nf4 Bc6 15. Qg3 Rfd8 16. Nh5 {Mit der Mattdrohung Qxg7} 16... Bf8 17.
Qg4 Qe7 18. Nf4 Qf6 19. Rd2 Rac8 20. Rad1 Re8 21. Qg3 b5 22. a3 Bb7 23. Rd4 Rc5
24. a4 $17 (24. R4d3 $5 $15 $142 {bedarf naeherer Analyse}) 24... Rec8 $15 (
24... Rg5 $5 $142 25. Qe3 25... e5 $17) 25. Nfe2 {Der Druck auf d6 waechst}
25... h6 26. axb5 axb5 27. Qh3 Bc6 28. Qe3 g6 29. Rxd6 $17 (29. b4 $5 {
ist eine gute Alternative} 29... Rh5 30. h3 $11) 29... Bxd6 30. Rxd6 30... Be8
$15 (30... Ba8 31. Rd4 e5 32. Rb4 $17) 31. Qxh6 $19 (31. Nd5 31... Qxb2 $1 {
nun hat Schwarz die besseren Moeglichkeiten} 32. Ne7+ Kg7 33. Nxc8 Rxc8 34. h3
Rxc2 35. Nd4 $19) 31... Qe5 $11 (31... b4 $19 $142) 32. Rd4 Rc4 33. Rxc4 {
Es droht Matt} 33... Rxc4 34. Qd2 b4 35. Qd8 Kf8 36. Qd3 (36. Nd1 Rxe4 37. Ne3
37... Qxb2 $19) 36... Rc8 $17 (36... Rc7 $142 {
damit wuerde Schwarz es sich noch erleichtern} 37. Qe3 bxc3 38. Nxc3 38... Rb7
$19) 37. Nd1 37... Qc5 $15 (37... Bb5 $5 38. Qd2 Bxe2 39. Qxe2 39... Ra8 $17)
38. Ne3 $17 (38. c3 38... Ba4 $15) 38... Qc7 $11 (38... Bb5 $5 $142 39. Qd2
Bxe2 40. Qxe2 40... Qd4 $15) 39. Qd4 39... Qe7 $4 {und raufte sich die Haare} (
39... Qa5 $142 {bringt noch Rettung} 40. Qh8+ 40... Ke7 $11) 40. Qh8# 1-0